| 000 | 00752nam a22002537a 4500 | ||
|---|---|---|---|
| 003 | CHAP | ||
| 005 | 20220329135711.0 | ||
| 008 | 971013s1993 r 00010 d | ||
| 010 | _a40773 | ||
| 011 | _a41745 | ||
| 035 | _a45871 | ||
| 040 | _cCHAP | ||
| 082 |
_a745.92 _bB2 |
||
| 100 | 0 | 0 |
_aBelcher, Betty. _911334 |
| 245 | _aCreative flower arranging floral design for home and flower show | ||
| 260 |
_aPortland, Oregon : _bTimber Press, _c1993 |
||
| 300 |
_a198 p. _b: ilus. |
||
| 590 |
_aBATCH-UPD _b10 _c20130110 _lUCH01 _h2011 |
||
| 590 |
_aCONVERSION _b10 _c20130109 _lUCH01 _h1322 |
||
| 650 | 1 | 4 |
_aArreglos florales. _97425 |
| 901 | _aBK | ||
| 942 | _cLIBRO | ||
| 949 |
_a745.92 B2 _bBC _cC _d33724000646311 _eC _gI.174504 _h88628 _i45871 _si _t115.78 |
||
| 999 |
_c40773 _d40773 |
||